000 00452nam a22001817a 4500
003 NUST - PNEC
005 20170116180829.0
008 150729b xxu||||| |||| 00| 0 eng d
020 _a9788131516546
020 _a8131516547
040 _cLIBRARY
082 _a518 BUR
100 _94536
_aBurden, Richard L.
245 _aNumerical analysis
_cRichard L. Burden
250 _a9th ed
650 _94537
_aNumerical Analysis
_xMIS
942 _2ddc
_cBK
999 _c63975
_d63975